Personnages Aléatoire One Piece Part.1 - Statistiques

Statistiques générales
  • Ce quiz a été pris 5 786 fois
  • Le résultat moyen est 7 sur 20
Statistiques - réponses
Par images Réponse % Correct
Arlong
100%
Boa Hancock
100%
Gecko Moria
100%
Gol D. Roger
100%
Monkey D. Dragon
100%
Monkey D. Garp
100%
Portgas D. Ace
100%
Baggy
98%
Borsalino Kizaru
97%
Dracule Mihawk
97%
Jinbe
97%
Kuzan Aokiji
97%
Nami
97%
Sanji
97%
Brook
96%
Crocodile
96%
Sabo
96%
Smoker
96%
X-Drake
96%
Bartholomew Kuma
95%
Edward Newgate
95%
Laboon
95%
Nefertari Vivi
95%
Shiryu
95%
Bentham
94%
Don Quichotte Rossinante
94%
Kaido
94%
Kozuki Oden
94%
Monkey D. Luffy
94%
Silvers Rayleigh
94%
Trafalgar D. Water Law
94%
Marco
93%
Tony Tony Chopper
93%
Zeff
93%
Emporio Ivankov
92%
Marshall D. Teach
92%
Sakazuki Akainu
92%
Shanks
92%
Vegapunk
92%
Koby
91%
Hermep
90%
Kuro
90%
Monet
90%
Mont Blanc Norland
90%
Usopp
88%
Curly Dadan
87%
Diamante
87%
Pica
87%
Shimotsuki Kuina
87%
Jesus Burgess
86%
Sugar
86%
Broggy
85%
Crocus
85%
Don Krieg
85%
Dorry
85%
Inazuma
85%
Nekomamushi
85%
Nico Robin
85%
Octo
85%
Sengoku
85%
Alvida
84%
Dr. Hiluluk
84%
Isshô Fujitora
84%
Joz
84%
Pell
84%
Wapol
84%
Galdino
83%
Laffitte
83%
Merry
83%
Señor Pink
83%
Vista
83%
Bell-Mère
82%
Makino
82%
Morgan
82%
Nefertari Cobra
81%
Vergo
81%
Yasopp
80%
Baby 5
79%
César Clown
79%
Jango
79%
Tashigi
79%
Oignon
78%
Inuarashi
77%
Koala
77%
Hina
76%
Trébol
76%
Bellamy
75%
Sanjuan Wolf
75%
Van Augur
75%
Edward Weevil
74%
Gaimon
74%
Riku Viola
74%
Kong
73%
Dolton
71%
Kaya
71%
Lucky Roux
71%
Dellinger
70%
Dr. Kureha
70%
Mr. 13
70%
Mikita
69%
Daz Bonez
68%
Kozuki Toki
68%
Genzô
67%
Kalgara
67%
Pappag
67%
T. Bone
67%
Catarina Devon
66%
Kaloo
65%
Doc Q
64%
Miss Monday
64%
Rockstar
64%
Gin
63%
Tsuru
63%
Scopper Gaban
62%
Aramaki Ryokugyû
61%
Morley
61%
Sentomaru
61%
Chouchou
60%
Wiper
60%
Belo Betty
59%
Mont Blanc Cricket
59%
Vasco Shot
59%
Igaram
58%
Lao G
58%
Mr. 9
58%
Bastille
57%
Nojiko
57%
Babe
56%
Chaka
56%
Drophy
56%
Haguar D. Sauro
56%
Johnny
56%
Marianne
56%
Carotte
55%
Izou
55%
Buffalo
54%
Fullbody
53%
Koza
53%
Cabaji
52%
Hack
52%
Meuh-Meuh
52%
Higuma
51%
Jora
50%
Lindbergh
50%
Shû
50%
Smack
50%
Camie
48%
Dalmatien
48%
Masira
48%
Zala
48%
Buchi
47%
Momonga
47%
Pearl
47%
Don Quichotte Doflamingo
46%
Karasu
46%
Laki
46%
Machvise
46%
Sham
46%
Very Good
46%
Gladius
45%
Kuroobi
45%
Thatch
45%
Richie
44%
Braham
43%
Gem
43%
Mr. 7
43%
Little Oars Jr.
41%
Yosaku
41%
Frères Decalvan
40%
Nezumi
40%
Piment
40%
Sarquiss
40%
Shôjô
40%
Patty
39%
Avalo Pizarro
38%
Benn Beckman
37%
Lassou
37%
Mr. 11
37%
Stronger
37%
Bluejam
36%
Kamakiri
36%
Macro
36%
Morge
36%
Barbe Rose
34%
Blamenco
33%
Natto
33%
Yorki
33%
South Bird
32%
Squard
32%
Blenheim
31%
Doberman
31%
Haruta
31%
Longs-Cils
31%
Nola
31%
Terracotta
31%
Brandnew
30%
John Giant
30%
Namur
30%
Ninth
30%
Prince Gles
30%
Masked Deuce
29%
Amadob
28%
Disco
28%
Nefertari Titi
28%
Pisaro
28%
Stefan
28%
Strawberry
28%
Atmos
27%
Carne
27%
Chiken
27%
Limejuice
27%
Onigumo
27%
Ultraking
27%
Bogart
26%
Kujaku
26%
Miss Father's Day
26%
Saint Jalmack
26%
Aisa
25%
Akumai
25%
Chess
25%
Curiel
25%
Miss Catharina
25%
Monster
25%
Moodie
25%
Reforto
25%
Saint Jaygarcia Saturn
25%
Spector
25%
Stainless
25%
Toto
25%
Fossa
24%
Maki
24%
Miss Tuesday
24%
Poppoko
24%
Bourbon Jr
23%
Doll
23%
Hyota
23%
Ippon Matsu
23%
Octopus Mash
23%
Speed Jill
23%
Sterry
23%
Batchee
22%
Bunny Joe
22%
Colscon
22%
Karma
22%
Kingdew
22%
Mr. Beans
22%
Mr. Shimizu
22%
Octopako
22%
Pudding Pudding
22%
Elmy
21%
Herb
21%
Howling Gab
21%
Ipponume
21%
Jacksonbanner
21%
McGuy
21%
Miss Friday
21%
mr10
21%
Outlook III
21%
Porchemy
21%
Rakuyo
21%
Rika
21%
Sorow
21%
Terry
21%
Whitey Bay
21%
Aggie 68
20%
Choï
20%
Doringo
20%
Islewan
20%
Kuromarimo
20%
Maidy
20%
Maynard
20%
Mizuta Madaisuki
20%
Potsun
20%
Ririka
20%
Saint Marcus Mars
20%
Agsilly
19%
Aswa
19%
Attach
19%
Belafe
19%
Cornelia
19%
Doma
19%
Epoida
19%
Heppoko
19%
Hokker
19%
Mikio Itoo
19%
Petermoo
19%
Pinnacle
19%
Ahiru
18%
Arrow
18%
Diez Barrels
18%
Hoop Slap
18%
Kentarôs
18%
Negikuma Maria
18%
Reverse
18%
Roshio
18%
Saint Topman Warcury
18%
Stalker
18%
Blumarine
17%
Dogra
17%
Donquino
17%
Dr.Hoo
17%
Gaburu
17%
Goro
17%
Honner
17%
Iwan X
17%
Komir
17%
Magra
17%
Mizuta Mawaritosuki
17%
Mozambia
17%
Ushiano
17%
Warashi
17%
Yu
17%
Building Snake
16%
Farafra
16%
Kotatsu
16%
Kyuin
16%
Serpin
16%
Wallace
16%
Ahho Zurako
15%
Asahija
15%
Barrel
15%
Barry
15%
Brocca
15%
Cowboy
15%
Kadar
15%
Kikipatsu
15%
Lines
15%
Lionbuta
15%
MAX Marks
15%
Moda
15%
Mule
15%
Peppoko
15%
Saint Shepherd Ju Peter
15%
Sapî
15%
Zott
15%
André
14%
Anjoh
14%
Bankina
14%
Candre
14%
Catacombo
14%
Cocofox
14%
Erick
14%
Freaky Domingos
14%
Gion
14%
Hangan
14%
Isa
14%
Kinga
14%
Kinga
14%
Koze
14%
Lackey
14%
Mihar
14%
Mr. Love
14%
Okama
14%
Pincemi
14%
Pochi
14%
Seto
14%
Skull
14%
Tansui
14%
A.O
13%
Banra
13%
Batts Samouraï
13%
Brahm
13%
Cands
13%
Daigin
13%
Funambules Brothers
13%
Ganryu
13%
Gorilla
13%
Hanger
13%
Jiron
13%
Kappa
13%
Lily
13%
Millet Pine
13%
Mousse
13%
Ossamondo
13%
Sleepy
13%
Tamachibi
13%
Tori
13%
Bonk Punch
12%
Dogya
12%
Glove
12%
Gyaro
12%
Hikoichi
12%
Morning
12%
Motzel
12%
Mr. Momora
12%
Robson
12%
Ronse
12%
Shine
12%
Baggaley
11%
Bizarre
11%
Buddle
11%
Ganryu
11%
Genbo
11%
Hongo
11%
Palms
11%
Ralph
11%
Ripper
11%
Take
11%
Teto
11%
Yotsubane
11%
Aruyutayan V
10%
Banchi
10%
Eddy
10%
Gambo
10%
Happygun
10%
Ideaman
10%
Isuka
10%
Kaneshiro
10%
Kashigami
10%
Nozdon
10%
Sanshita
10%
Shimotsuki Kôshirô
10%
Sunbell
10%
Daddy Dee
9%
Didit
9%
Gyoru
9%
Kukai
9%
Nefertari Lillie
9%
Polo
9%
Rokkaku
9%
Rush
9%
Spencer
9%
Taro
9%
Cancer
8%
Elio
8%
Hublot
8%
Jenfétro
8%
Julius
8%
Kaicho Pinky
8%
Mugren
8%
Stomp
8%
Stool
8%
Terry Gilteo
8%
Tokikake
8%
Bankuro
7%
Blondie
7%
Brew
7%
Delacuaji
7%
Kibin
7%
Koda
7%
Mamy Mee
7%
Mani
7%
Mashikaku
7%
Mr. Mellow
7%
Okome
7%
Roth
7%
Shioyaki
7%
Vitan
7%
Zodia
7%
Ahho Desunen IX
6%
Jobo
6%
Lacroix
6%
Leonero
6%
Moon Isaac Jr.
6%
Saber
6%
Sharinguru
6%
Yui
6%
Nugire Yainu
5%
Ukkari
5%
Agotogi
4%
CB Galant
4%
Chabo
4%
Ducky Bree
4%
Forliewbs
4%
Great Michael
4%
Hibari
4%
Hustle
4%
Kechatch
4%
Kimel
4%
Nakoh
4%
Rowing
4%
Zucca
4%
Arthur
3%
Kagikko
3%
Makko
3%
Pavlik
3%
Saint Ethanbaron V. Nusjuro
3%
Sicily
3%
Tensei
3%
Thalassa Lucas
3%
Yoshimoto
3%
Nosgarl
2%
Akehende
0%
Chiya
0%
Helwett
0%
Ibs
0%
Kebi
0%
Kyuji
0%
Mayushika
0%
Nazu Ketagari
0%
Packi
0%
Puppuh
0%
Ramba
0%
Rangram
0%
Ratel
0%
Wallem
0%
Yamakaji
0%
Yamon
0%
Yuki
0%
Yurikah
0%
Aucun quiz correspondant
Distribution des résultats
% des personnes avec chaque résultat
Percentile par nombre de réponses
Votre historique - résultats
Vous n’avez pas pris ce quiz